000 00381nam a2200145Ia 4500
008 221030s9999 xx 000 0 und d
041 _aEnglish
082 _a105.23
100 _aMission 10 X
245 0 _aMicroprocessors & Interfacing - Faculty Resource Guide
_cby Mission 10 X
260 _bWipro Ltd.
_aBangalore
_c2010
300 _a103
650 _aBE Computer
942 _cBK
999 _c9412
_d9412